| 000 | 00365nam a22001697a 4500 | ||
|---|---|---|---|
| 005 | 20160531150459.0 | ||
| 008 | 160531b xxu||||| |||| 00| 0 eng d | ||
| 020 | _a81-7496-900-4 | ||
| 041 | _aeng | ||
| 082 | _b6406 | ||
| 100 |
_aKanan, S. _91599 |
||
| 245 | _aVodic Management | ||
| 260 | _bTaxman | ||
| 300 | _a218 | ||
| 650 |
_aManagement _9241 |
||
| 942 | _cBK | ||
| 999 |
_c2256 _d2255 |
||